| 000 | 00952nam a2200253Ia 4500 | ||
|---|---|---|---|
| 999 |
_c44312 _d44312 |
||
| 001 | 11070 | ||
| 003 | GE_BSU | ||
| 005 | 20221117110044.0 | ||
| 008 | 181216s2011en xx |||||||||||||| ||eng|| | ||
| 020 | _a9780857252609 x | ||
| 040 | _cGE_BSU | ||
| 041 | _aeng | ||
| 080 | _a37 G 75 | ||
| 100 |
_aGravells, Ann _915874 |
||
| 245 |
_aPrinciples and Practice of Assessment in the Lifelong Learning Sector / _cAnn Gravells |
||
| 250 | _a2nd ed. | ||
| 264 |
_aLondon : _bLearning Matters, _c2011. |
||
| 300 |
_a131p :. _bill; _c25 cm. |
||
| 541 | _h70Gel. | ||
| 653 | _aPrinciples and Practice of Assessment in the Lifelong Learning Sector. | ||
| 653 | _aშეფასების პრინციპები და პრაქტიკა მთელი ცხოვრების მანძილზე სწავლის სექტორში. | ||
| 653 | _aტემპუსის პროექტით | ||
| 942 |
_cBK _2udc |
||